Mobilománia po slovensky

V SR aktívne využíva mobilný telefón asi milión ľudí. Rivali na trhu mobilnej telekomunikácie - prevádzkovatelia sietí GSM, spoločnosti Globtel a Eurotel. Hodnotenie úspešnosti uvedených spoločností. Prínosy konkurenčného prostredia.

Gespeichert in:
Bibliographische Detailangaben
1. Verfasser: Morháčová, Jana
Format: Buchkapitel
Sprache:Slowakisch
Schlagworte:
Tags: Tag hinzufügen
Keine Tags, Fügen Sie das erste Tag hinzu!

MARC

LEADER 00000naa a2200000 4500
001 r040128
005 20230920071750.0
041 0 |a slo 
044 |a SK 
245 1 0 |a Mobilománia po slovensky  |c Jana Morháčová 
520 |a V SR aktívne využíva mobilný telefón asi milión ľudí. Rivali na trhu mobilnej telekomunikácie - prevádzkovatelia sietí GSM, spoločnosti Globtel a Eurotel. Hodnotenie úspešnosti uvedených spoločností. Prínosy konkurenčného prostredia. 
610 2 0 |a technika oznamovacia 
610 2 0 |a telekomunikácie 
610 2 0 |a komunikácia 
610 2 0 |a konkurencia 
610 2 0 |a používatelia 
610 2 0 |a Slovensko 
610 2 0 |a Globtel 
610 2 0 |a Eurotel 
100 1 |a Morháčová, Jana